000 00378nam a2200157Ia 4500
008 221030s9999 xx 000 0 und d
020 _a817391639X
041 _aEnglish
082 _a105.23
_bVer
100 _aS. P. Verma
245 0 _aInfrastructure In India`s Development
260 _bKanishka Pub.
_aNew Delhi
_c2004
300 _a257
650 _aManagement
942 _cBK
999 _c281
_d281